Metropolis /

Saved in:
Bibliographic Details
Main Author: Harbou, Thea von, 1888-1954.
Other Authors: Ackerman, Forrest J., Gaughan, Jack, (Illustrator)
Format: Book
Language:English
German
Published: New York : Ace Books, [c1963]
Series:Ace science fiction classic ; F-246
Subjects:
Tags: Add Tag
No Tags, Be the first to tag this record!
LEADER 01116cam a22003017 4500
001 011753670-9
005 20081125140959.0
008 730511s1963 nyu 000 1 eng d
035 0 |a ocm00620202 
040 |a OSU  |c OSU  |d OCL  |d OCLCG 
041 1 |a eng  |h ger 
050 4 |a PT2615.A62  |b M41 1963 
100 1 |a Harbou, Thea von,  |d 1888-1954. 
245 1 0 |a Metropolis /  |c by Thea von Harbou. 
260 |a New York :  |b Ace Books,  |c [c1963] 
300 |a 222 p. ;  |c 17 cm. 
490 1 |a Ace science fiction classic ;  |v F-246 
500 |a "This Ace edition follows the text of the first English edition, originally published in 1927"--T.p. verso. 
500 |a Introduction by Forrest J. Ackerman. 
500 |a Cover and title-page design by Jack Gaughan. 
650 0 |a Science fiction, German  |v Translations into English. 
655 7 |a Science fiction.  |2 gsafd 
655 7 |a Science fiction.  |2 lcgft 
700 1 |a Ackerman, Forrest J. 
700 1 |a Gaughan, Jack,  |e ill. 
776 0 8 |i Online version:  |a Harbou, Thea von, 1888-1954.  |t Metropolis.  |d New York, Ace Books [1963]  |w (OCoLC)654706851 
988 |a 20081125 
906 |0 OCLC